000 00613nam a22001817a 4500
003 UA-OsUOA
001 6456
007 ta
008 20040511b un ||||| |||| 00| 0 ukr d
100 _aП'янов В.
942 _cSA
040 _aUA-OsUOA
_cUA-OsUOA
_dUA-OsUOA
245 _aЗ думою про велике : 75 років від дня народження письменника та педагога Віктора Лупейка
300 _aС.7
955 _a0
773 0 _w0
_tЛітературна Украіна
_dКиїв
_d2004
_g№17
650 7 _aЛітературознавство
_2UDC
999 _c292617
_d292617